Diversity, distinctiveness and conservation status of the mediterranean coastal dung beetle assemblage in the regional natural park of the Camargue (France) (Registro nro. 13270)

Detalles MARC
000 -CABECERA
Campo de control 005490000a22001450004500
090 ## - CLASIFICACIÓN LOCAL
Colección AR
Consecutivo 04172
041 0# - IDIOMA
Código de idioma para texto/pista de sonido o título separado
100 1# - ASIENTO PRINCIPAL--NOMBRE PERSONAL
Nombre personal Lobo, Jorge Miguel
245 10 - MENCION DE TITULO
Título Diversity, distinctiveness and conservation status of the mediterranean coastal dung beetle assemblage in the regional natural park of the Camargue (France)
500 ## - NOTA GENERAL
Nota general <Literatura de escarabajos coprófagos>
700 1# - ASIENTO SECUNDARIO - NOMBRE PERSONAL
Nombre personal Lumaret, Jean Pierre
700 1# - ASIENTO SECUNDARIO - NOMBRE PERSONAL
Nombre personal Jay Robert, Pierre
773 1# - Item fuente:
Título Diversity and distributions
Descripción física 7
Paginas del Articulo 257-270
Lugar, editorial y fecha de publicación 2001
942 ## - ELEMENTOS ADICIONALES (KOHA)
Tipo de ítem Artículo
Existencias
Withdrawn status Lost status Damaged status No para préstamo Colección Ubicación Permanente Ubicación actual Fecha de adquisición Fuente de Valor Datos de publicación Seriada Total Checkouts Número topográfico Inventario / Código de Barras Date last seen Ejemplar Price effective from Forma de adquisición Tipo de material
      No para Préstamo Hemeroteca Bogotá Bogotá 08/11/2006 Trujillo, Diego Fuera de circulación   AR 04172 023607 25/03/2015 1 25/03/2015   Artículo